Price adjustment formulae for construction contracts:monthly bulletin of indices .- January - October 1987, February 1988. (Record no. 95854)

MARC details
000 -LEADER
fixed length control field 00690cam a2200217 4500
001 - CONTROL NUMBER
control field J333
008 - FIXED-LENGTH DATA ELEMENTS--GENERAL INFORMATION
fixed length control field 090401t xxu||||| |||| 00| 0 eng d
035 ## - SYSTEM CONTROL NUMBER
System control number (Sirsi) u74455
041 ## - LANGUAGE CODE
Language code of text/sound track or separate title eng
050 ## - LIBRARY OF CONGRESS CALL NUMBER
Classification number 692.80212
110 ## - MAIN ENTRY--CORPORATE NAME
Corporate name or jurisdiction name as entry element United Kingdom
Subordinate unit Property Services Agency
9 (RLIN) 1138
245 ## - TITLE STATEMENT
Title Price adjustment formulae for construction contracts:monthly bulletin of indices .- January - October 1987, February 1988.
260 ## - PUBLICATION, DISTRIBUTION, ETC.
Place of publication, distribution, etc. London
Name of publisher, distributor, etc. HMSO
Date of publication, distribution, etc. 1987-88
300 ## - PHYSICAL DESCRIPTION
Extent 11 pt. ; 30cm.
350 ## - PRICE (NR) (BK AM CF MU VM SE) [OBSOLETE]
Price 0
650 ## - SUBJECT ADDED ENTRY--TOPICAL TERM
Topical term or geographic name entry element BUILT ENVIRONMENT-BUILDING CONTRACT FORMS
650 ## - SUBJECT ADDED ENTRY--TOPICAL TERM
Topical term or geographic name entry element PRICE ADJUSTMENT FORMULAE
690 ## - LOCAL SUBJECT ADDED ENTRY--TOPICAL TERM (OCLC, RLIN)
Topical term or geographic name as entry element BUILT ENVIRONMENT-BUILDING CONTRACT FORMS
942 ## - ADDED ENTRY ELEMENTS (KOHA)
Suppress in OPAC 0
948 ## - LOCAL PROCESSING INFORMATION (OCLC); SERIES PART DESIGNATOR (RLIN)
c (OCLC) 04/03/1997
Holdings
Withdrawn status Lost status Source of classification or shelving scheme Damaged status Not for loan Home library Current library Shelving location Date acquired Total Checkouts Full call number Barcode Date last seen Copy number Price effective from Koha item type
    Dewey Decimal Classification     London London Enquiry desk 01/11/1991   ENQUIRY DESK 30024635 06/08/2019 1 06/08/2019 Reference material
    Dewey Decimal Classification     London London Enquiry desk 01/11/1991   ENQUIRY DESK 30024636 06/08/2019 2 06/08/2019 Reference material
    Dewey Decimal Classification     London London Enquiry desk 01/11/1991   ENQUIRY DESK 30024637 06/08/2019 3 06/08/2019 Reference material
    Dewey Decimal Classification     London London Enquiry desk 01/11/1991   ENQUIRY DESK 30024638 06/08/2019 4 06/08/2019 Reference material
    Dewey Decimal Classification     London London Enquiry desk 01/11/1991   ENQUIRY DESK 30024639 06/08/2019 5 06/08/2019 Reference material
    Dewey Decimal Classification     London London Enquiry desk 01/11/1991   ENQUIRY DESK 30024640 06/08/2019 6 06/08/2019 Reference material
    Dewey Decimal Classification     London London Enquiry desk 01/11/1991   ENQUIRY DESK 30024641 06/08/2019 7 06/08/2019 Reference material
    Dewey Decimal Classification     London London Enquiry desk 01/11/1991   ENQUIRY DESK 30024642 06/08/2019 8 06/08/2019 Reference material
    Dewey Decimal Classification     London London Enquiry desk 01/11/1991   ENQUIRY DESK 30024643 06/08/2019 9 06/08/2019 Reference material
    Dewey Decimal Classification     London London Enquiry desk 01/11/1991   ENQUIRY DESK 30024644 06/08/2019 10 06/08/2019 Reference material
    Dewey Decimal Classification     London London Enquiry desk 01/11/1991   ENQUIRY DESK 30024645 06/08/2019 11 06/08/2019 Reference material